Score 0/38 Timer 05:00
8 Plays Today
Hint Answer % Correct
... were founding members of the European UnionFrance
97.4%
... are FIFA World Cup WinnersFrance
97.4%
... border at least 9 countriesFrance
97.3%
... have hosted the Olympic Games at least three timesFrance
97.1%
... have hosted the Olympic Games at least three timesUnited States
94.5%
... have hosted the Olympic Games at least three timesItaly
94.3%
... were founding members of the European UnionItaly
94.3%
... are FIFA World Cup WinnersItaly
94.3%
... border at least 9 countriesBrazil
93.2%
... are FIFA World Cup WinnersBrazil
93.1%
... are FIFA World Cup WinnersSpain
93%
... border at least 9 countriesRussia
92%
... have hosted the Olympic Games at least three timesUnited Kingdom
91.2%
... border at least 9 countriesChina
88.9%
... were founding members of the European UnionBelgium
88.4%
... have a capital city beginning with B (in Europe)Belgium (Brussels)
87.6%
... start with GGreece
80.7%
... are FIFA World Cup WinnersArgentina
80.3%
... were founding members of the European UnionNetherlands
80.2%
Hint Answer % Correct
... have a capital city beginning with B (in Europe)Switzerland (Bern)
79.5%
... start with GGuinea
73.3%
... have hosted the Olympic Games at least three timesCanada
71.7%
... start with GGhana
70%
... have hosted the Olympic Games at least three timesJapan
69.7%
... start with GGuyana
67.9%
... have a capital city beginning with B (in Europe)Hungary (Budapest)
66.6%
... start with GGuatemala
66.3%
... start with GGabon
64.8%
... were founding members of the European UnionLuxembourg
62.3%
... start with GGuinea-Bissau
61.7%
... have a capital city beginning with B (in Europe)Romania (Bucharest)
61%
... are FIFA World Cup WinnersUruguay
60.2%
... start with GThe Gambia
59.6%
... have a capital city beginning with B (in Europe)Slovakia (Bratislava)
59.1%
... start with GGrenada
58.4%
... have a capital city beginning with B (in Europe)Serbia (Belgrade)
57.3%
... start with GGeorgia
47.3%
... border at least 9 countriesDemocratic Republic of the Congo
41.8%
Remove Ads.
Support Sporcle.
Get the best of Sporcle when you Go Orange. This ad-free experience offers more features, more stats, and more fun while also helping to support Sporcle. Thank you for becoming a member.

You're not logged in!

Compare scores with friends on all Sporcle quizzes.
OR
Log In

Sporcle TV

Today on Sporcle TV


Watch our educational content, quiz creation guides, and fun videos on Sporcle TV.

Show Comments

Extras

Top Quizzes Today


Score Distribution

Paid Content

Your Account Isn't Verified!

In order to create a playlist on Sporcle, you need to verify the email address you used during registration. Go to your Sporcle Settings to finish the process.

Report this User

Report this user for behavior that violates our Community Guidelines.

Details: